00871nam a2200217 a 4500001001000000003000500010005001700015008004100032010001100073011001100084040000900095100003600104245015400140260004100294500006000335502006800395650003100463650005700494650003200551856007000583000113508CHAP20220817044736.0170726s2016 mx a fsm |||||||spa d a109969 a110941 cCHAP1 aVelázquez Flores, Mayra Itzel10aPropuesta de manejo de la zona forestal de Santa Catarina del Monte, Texcoco, Estado de México /h[En línea]cpor Mayra Itzel Velázquez Flores. aChapingo, Méx. :bEl autor,c2016. aPara ver el contenido del material haga clic en la liga aTesis (Ing.Forestal) -- UACH. División de Ciencias Forestales14aBosquesxAdministración.14aRecursos naturalesxAprovechamientozMéxico(Edo.).14aZonificación ecológica. aFinding aiduhttp://10.13.5.2/tesis/sist113508.pdfzTeclea aquí